Barefoot On Broken Glass (Record no. 301830)

MARC details
000 -LEADER
fixed length control field 00389nam a2200157Ia 4500
008 - FIXED-LENGTH DATA ELEMENTS--GENERAL INFORMATION
fixed length control field 230718s9999 xx 000 0 und d
041 ## - LANGUAGE CODE
Language code of text/sound track or separate title eng
082 ## - DEWEY DECIMAL CLASSIFICATION NUMBER
Classification number 303
Item number TIM
100 ## - MAIN ENTRY--PERSONAL NAME
Personal name Timperley
9 (RLIN) 125752
245 ## - TITLE STATEMENT
Title Barefoot On Broken Glass
260 ## - PUBLICATION, DISTRIBUTION, ETC. (IMPRINT)
Date of publication, distribution, etc. 2001
Name of publisher, distributor, etc. Capstone
300 ## - PHYSICAL DESCRIPTION
Extent 164
365 ## - TRADE PRICE
Currency code Rs.
Price amount 981.00
700 ## - ADDED ENTRY--PERSONAL NAME
Personal name Timperley
9 (RLIN) 125752
906 ## - LOCAL DATA ELEMENT F, LDF (RLIN)
d B:43810-May-2001
c OTH
b 147.15
Holdings
Withdrawn status Lost status Damaged status Not for loan Home library Current library Date acquired Vendor Budget Code Cost, normal purchase price Bill number Total Checkouts Full call number Barcode Date last seen Discount Cost, replacement price Bill Date Koha item type Original Barcode
        Cummins College of Engineering for Women Pune Cummins College of Engineering for Women Pune 25/07/2001 Technical Book Services OTH 833.85 438   303 CCEP-BK-13036 18/07/2023 147.15 981.00 10/05/2001 Books 013036